000 01358nmc a2200421 a 4500
003 AR-BaBNM
005 20251128205451.0
008 287119s1997 ||||||||||||||000 | spa||
020 _a84-493-0424-5
040 _cAR-BaBNM
100 1 _aTravers, Cheryl J.
245 1 0 _aEl estrés de los profesores
_bla presión en la actividad docente
250 _a1ª ed.
260 _aBarcelona
_bPaidós
_c1997
300 0 _a284 p.
_btablas, diagr.
490 0 _aTemas de educación
_vv. 45
500 0 _aApéndice 1: Glosario de términos: p. 223-228
500 0 _aApéndice 2: Cuestionario sobre el estrés en la enseñanza. p. 229-244
500 0 _aApéndice 3: Tablas de fuente de presión: p. 245-248
500 0 _aLista de figuras y tablas: p. 271-274
500 0 _aIndice de nombres: p. 275-278
500 0 _aIndice analítico: p. 279-284
504 _aBibliografía: p. 249-270
600 0 4 _aNasuwt
650 4 _aPRACTICA DOCENTE
650 4 _aCONDICIONES DE TRABAJO DEL DOCENTE
650 4 _aSTRESS
650 4 _aEFECTOS PSICOLOGICOS
650 4 _aEMPLEO DE LOS DOCENTES
650 4 _aDOCENTES
650 4 _aPERFIL PROFESIONAL DEL DOCENTE
700 1 _aCooper, Cary L.
700 1 _aRemesal, Ana
_etraductor
700 1 _aMenezo, Daniel
_etraductor
800 1 _aColl, César
_edirector
942 _cBK
998 _cSILVI
999 _c11518
_d11518